| 000 | 00369nam a22001217a 4500 | ||
|---|---|---|---|
| 008 | 230607b xxu||||| |||| 00| 0 eng d | ||
| 082 |
_a954.04 _bGAN |
||
| 100 | _cPrime Minister Indira Gandhi | ||
| 245 |
_aPrime Minister Indira Gandhi _bStatements on Foreign Policy October-December,1982 |
||
| 260 |
_aIndia _bExternal Publicity Division |
||
| 300 | _a64p | ||
| 942 |
_2ddc _cBK |
||
| 999 |
_c823 _d823 |
||